"Le palace" le concept de luxe en hotellerie

Saved in:
Bibliographic Details
Main Author: Gouirand, Pierre
Format: Book
Language:French
Published: Paris : Centre des hautes etudes touristiques, 1991
Series:Cahiers du tourisme. Serie C ; ; 77
Subjects:
Tags: Add Tag
No Tags, Be the first to tag this record!

MARC

LEADER 00000nam a2200000 i 4500
001 1/19329
008 960625s1991 fre d
035 |l 10021235 
040 |a GR-MY-UA  |b gre  |e aacr 
041 0 |a fre 
082 0 |a 338.4791 
100 1 |a Gouirand, Pierre. 
245 1 0 |a "Le palace" le concept de luxe en hotellerie /  |c Monsieur P.Gouirand 
260 |a Paris :   |b Centre des hautes etudes touristiques,   |c 1991 
300 |a 44 p. 
490 1 |a Cahiers du tourisme. Serie C  |v ; 77 
650 0 0 |a Tourism. 
830 0 |a Cahiers du tourisme. Serie C ;  |v ; 77 
852 |a INST  |b CHIOS  |e 19960625  |h 338.4791 GOU  |p 005200007518  |q 005200007518  |t BK  |y 0 
909 |a Χ  |b 032129